Diccionario español-chorotega, chorotega-español (Registro nro. 11831)
[ vista simple ]
| 000 -Cabecera | |
|---|---|
| Campo de control de longitud fija | 00631nam a22002417a 4500 |
| 005 - Fecha y hora de la última transacción | |
| Campo de control | 20250219150125.0 |
| 008 - Elementos de longitud fija--Información general | |
| Campo de control de longitud fija | 190401b2014 xxu||||| |||| 00| 0 spa d |
| 020 ## - International Standard Book Number | |
| Número Internacional Estándar del Libro (ISBN) | 9789977676692 |
| 041 ## - Idioma | |
| Código de idioma | Chorotega |
| -- | Español |
| 082 ## - Clasificación Decimal Dewey | |
| Número de clasificación | R 497.936 Q8d |
| 100 ## - Entrada principal--Autor personal | |
| Nombre personal | Quirós Rodríguez, Juan Santiago |
| 245 ## - Título propiamente dicho | |
| Título | Diccionario español-chorotega, chorotega-español |
| 260 ## - Pie de imprenta | |
| Lugar de publicación, distribución, etc. | Costa Rica |
| 260 ## - Pie de imprenta | |
| Nombre del editor, distribuidor, etc. | Universidad de Costa Rica |
| 260 ## - Pie de imprenta | |
| Fecha de publicación, distribución, etc. | 2014 |
| 300 ## - Descripción física | |
| Extensión | 186 páginas |
| 650 ## - Materia general | |
| Temática (materia general) | COSTA RICA |
| 650 ## - Materia general | |
| Temática (materia general) | LENGUA CHOROTEGA |
| 650 ## - Materia general | |
| Temática (materia general) | DICCIONARIOS |
| 650 ## - Materia general | |
| Temática (materia general) | ESPAÑOL |
| 650 ## - Materia general | |
| Temática (materia general) | INDIOS CHOROTEGA |
| 942 ## - Punto de acceso adicional KOHA | |
| Tipo de ítem KOHA | Referencia |
| Fuente del sistema de clasificación o colocación | Dewey Decimal Classification |
| Signatura completa | Código de barras | Tipo de ítem |
|---|---|---|
| R 497.936 Q8d | 24168 | Referencia |